000 00500nam a2200181 4500
008 240531b |||||||| |||| 00| 0 eng d
020 _a9789937710831
082 _a610.73/Sh23c
100 _aSharma, Sharada
245 _aClinical nursing procedures: a basic textbook
260 _aKathmandu:
_bSamiksha publication,
_c2077 B.S.
300 _a108p.:ill.
650 _aNursing process
650 _aNursing
700 _aLawot, Isabel
700 _aKarmacharya, Ranjita
942 _2ddc
_cISBN
999 _c113676
_d113664